<?xml version="1.0" encoding="UTF-8"?>
<collection xmlns="http://www.loc.gov/MARC21/slim">
  <record>
    <leader>00000nam  2200000   4500</leader>
    <controlfield tag="001">INLIS000000000062264</controlfield>
    <controlfield tag="005">20230718094709</controlfield>
    <datafield tag="035" ind1="#" ind2="#">
      <subfield code="a">0010-0723000002</subfield>
    </datafield>
    <controlfield tag="007">ta</controlfield>
    <controlfield tag="008">230718################g##########0#ind##</controlfield>
    <datafield tag="100" ind1=" " ind2="#">
      <subfield code="a">Arief Risman</subfield>
    </datafield>
    <datafield tag="245" ind1="#" ind2="#">
      <subfield code="a">Komunikasi elegan untuk meraih sukses /</subfield>
      <subfield code="c">Arief Risman; editor, Hisar Marthin</subfield>
    </datafield>
    <datafield tag="250" ind1="#" ind2="#">
      <subfield code="a">Cetakan I, September 2018</subfield>
    </datafield>
    <datafield tag="300" ind1="#" ind2="#">
      <subfield code="a">x, 166 halaman :</subfield>
      <subfield code="b">Ilustrasi ;</subfield>
      <subfield code="c">20 cm</subfield>
    </datafield>
    <datafield tag="020" ind1="#" ind2="#">
      <subfield code="a">978-602-5829-02-4</subfield>
    </datafield>
    <datafield tag="041" ind1="#" ind2="#">
      <subfield code="a">ind</subfield>
    </datafield>
    <datafield tag="082" ind1="#" ind2="#">
      <subfield code="a">302.2</subfield>
    </datafield>
    <datafield tag="084" ind1="#" ind2="#">
      <subfield code="a">302.2 ARI k</subfield>
    </datafield>
    <datafield tag="264" ind1="#" ind2="#">
      <subfield code="a">Bandung :</subfield>
      <subfield code="b">Satu Nusa,</subfield>
      <subfield code="c">2018</subfield>
    </datafield>
    <datafield tag="336" ind1="#" ind2="#">
      <subfield code="a">teks</subfield>
      <subfield code="2">rdacontent</subfield>
    </datafield>
    <datafield tag="337" ind1="#" ind2="#">
      <subfield code="a">tanpa perantara</subfield>
      <subfield code="2">rdamedia</subfield>
    </datafield>
    <datafield tag="338" ind1="#" ind2="#">
      <subfield code="a">volume</subfield>
      <subfield code="2">rdacarrier</subfield>
    </datafield>
    <datafield tag="504" ind1="#" ind2="#">
      <subfield code="a">Bibliografi: halaman 161</subfield>
    </datafield>
    <datafield tag="600" ind1=" " ind2="#">
      <subfield code="a">Hisar Marthin</subfield>
      <subfield code="e">editor</subfield>
    </datafield>
    <datafield tag="650" ind1="#" ind2="4">
      <subfield code="a">Komunikasi</subfield>
    </datafield>
    <datafield tag="990" ind1="#" ind2="#">
      <subfield code="a">5202300427</subfield>
    </datafield>
  </record>
</collection>
